Obálka Náhled e-knihy:
PDF
Pro půjčování e-knih musíte být přihlášeni.
Jak si půjčit online?

Lucrezia Borgia /

Stručně a jednoduchým jazykem převyprávěný příběh Lucrezie Borgiové. Dvojjazyčná verze, doplněná cvičeními a odkazem na MP3 nahrávku, je určena pro začátečníky v italštině.

Uloženo v:
Hlavní autor: De Tommaso, Valeria, 1976- (Ilustrátor)
Další autoři: Suchá, Veronika (Autor), Čuma, Aleš, 1967- (Překladatel)
Médium: E-kniha
Jazyk:Italian
Czech
Vydáno: Brno : Edika, 2020
Vydání:1. vydání
Edice:Dvojjazyčná kniha pro začátečníky
Témata:
On-line přístup:Audionahrávka ve formátu MP3 na
Audionahrávka ve formátu MP3 na
Tagy:
Žádné tagy
LEADER 04613cam a2200853 i 4500
001 311221
003 CZ PrSKC
005 20260601215701.0
007 ta
008 200901s2020 xr a g p 000 jbita d
015 |a cnb003242372 
020 |a 9788026615552  |q (brožováno) :  |c Kč 219,00 
035 |a (OCoLC)1226361560 
040 |a OSA001  |b cze  |d OLA001  |d ABA001  |e rda 
041 1 |a ita  |a cze  |h ita 
043 |a e-it--- 
045 |a s8t1 
072 7 |a 811.131  |x Italo-románské jazyky  |2 Konspekt 
072 7 |a 821.131.1-3  |x Italská próza  |2 Konspekt 
080 |a 821.131.1-32  |2 MRF 
080 |a 929.732-055.2  |2 MRF 
080 |a 811.131.1  |2 MRF 
080 |a 028.4-028.31/.32  |2 MRF 
080 |a 929  |2 MRF 
080 |a (450)  |2 MRF 
080 |a (0:82-322.6)  |2 MRF 
080 |a (0.027)=030  |2 MRF 
080 |a (07)  |2 MRF 
080 |a (07.062)81  |2 MRF 
100 1 |a De Tommaso, Valeria,  |d 1976-  |7 xx0209129  |4 aut 
245 1 0 |a Lucrezia Borgia /  |c italský text: Valeria De Tommaso ; český překlad: Veronika Suchá ; ilustrace: Aleš Čuma 
250 |a 1. vydání 
264 1 |a Brno :  |b Edika,  |c 2020 
300 |a 88 stran :  |b ilustrace ;  |c 21 cm 
336 |a text  |b txt  |2 rdacontent 
337 |a bez média  |b n  |2 rdamedia 
338 |a svazek  |b nc  |2 rdacarrier 
490 1 |a Dvojjazyčná kniha pro začátečníky 
520 2 |a Stručně a jednoduchým jazykem převyprávěný příběh Lucrezie Borgiové. Dvojjazyčná verze, doplněná cvičeními a odkazem na MP3 nahrávku, je určena pro začátečníky v italštině.  |b O papeži Borgiovi a jeho dětech se hodně mluvilo, a to už v době, kdy byli všichni z nich ještě naživu. Vyprávění této knihy se točí kolem Lucrezie, milované dcery papeže, která byla často jen loutkou ve hře mocného otce. Samozřejmě měla svoje city a přání, vždy je ale musela podvolit zájmům Vatikánu a především papeže. Dcery v tu dobu zkrátka sloužily k tomu, aby díky vhodnému sňatku rozšiřovaly vliv a postavení celé rodiny. Příběh Lucrezie je napsaný zjednodušenou italštinou tak, aby vyhovoval potřebám začínajícího čtenáře. Na každé stránce naleznete český zrcadlový překlad, cvičení na konci knihy jsou vhodná pro ověření získaných znalostí. Audionahrávka ve formátu MP3, na které text vypraví rodilý mluvčí, je zdarma ke stažení na webu. Nakladatelská anotace. Kráceno. 
521 8 |a Určeno pro jazykovou úroveň: A1/A2 
546 |a Italský text se souběžným českým překladem 
600 1 7 |a Borgia, Lucrezia,  |c vévodkyně z Ferrary,  |d 1480-1519  |7 jn20000700202  |2 czenas 
648 4 |a 1480-1519 
648 7 |a 15.-16. století  |7 ch757034  |2 czenas 
650 0 7 |a vévodkyně  |7 ph187625  |z Itálie  |y 15.-16. století  |2 czenas 
650 0 7 |a italština  |7 ph121249  |2 czenas 
650 0 7 |a zjednodušená četba  |7 ph656682  |2 czenas 
650 0 9 |a duchesses  |z Italy  |y 15th-16th centuries  |2 eczenas 
650 0 9 |a Italian language  |2 eczenas 
650 0 9 |a simplified reading  |2 eczenas 
653 0 |a jazyková úroveň A1  |a jazyková úroveň A2 
655 7 |a italské příběhy  |7 fd183393  |2 czenas 
655 7 |a biografické příběhy  |7 fd131953  |2 czenas 
655 7 |a dvojjazyčná vydání  |7 fd194533  |2 czenas 
655 7 |a učební texty  |7 fd133599  |2 czenas 
655 7 |a jazykové učebnice, texty, příručky (A)  |7 fd600889  |2 czenas 
655 9 |a Italian stories  |2 eczenas 
655 9 |a biographical stories  |2 eczenas 
655 9 |a bilingual editions  |2 eczenas 
655 9 |a educational texts  |2 eczenas 
655 9 |a language textbooks, texts, handbooks (A)  |2 eczenas 
700 1 |a Suchá, Veronika  |4 trl 
700 1 |a Čuma, Aleš,  |d 1967-  |7 jn19981002679  |4 ill 
700 1 2 |a De Tommaso, Valeria,  |d 1976-  |t Lucrezia Borgia 
700 1 2 |a De Tommaso, Valeria,  |d 1976-  |t Lucrezia Borgia.  |l Česky 
830 0 |a Dvojjazyčná kniha pro začátečníky 
856 4 2 |3 Audionahrávka ve formátu MP3 na  |u https://www.albatrosmedia.cz/tituly/61559971/lukrezia-borgia-a1-a2/  |4 N 
856 4 2 |3 Audionahrávka ve formátu MP3 na  |u https://www.albatrosmedia.cz/tituly/61559971/lucrezia-borgia-a1-a2/  |4 N 
900 |a ABA001  |b 20 
928 9 |a Albatros Media - Edika 
044 |a xr 
910 |a RBIT002 
998 |d 208020  |a https://core.palmknihy.cz/api/books/208020/cover?sjo8rk  |b https://core.palmknihy.cz/api/books/208020/cover/400?sjo8rk  |c https://core.palmknihy.cz/api/books/208020/cover/50?sjo8rk  |e 2030-12-31  |g 88  |i 9788026615552  |k https://core.palmknihy.cz/api/books/208020/preview.pdf  |l   |q 49  |r 1  |s https://www.palmknihy.cz/kniha/208020  |t ebook  |y 2020  |z 0 
999 |d 311219